000 01194cam a22002054a 4500
005 20250605163921.0
008 250528s ||||||||||||||||||||||||d
035 _a14394
020 _a582423341
040 _aGR-AtMCL
_bgre
_dGR-AtMCL
_eAACR2
245 1 _aIntroduction to Computer Law / Fourth Edition
250 _a4th
260 _bLongman,
_c2000
300 _a482
520 _aThis book explains the law clearly and makes it accessible to a wide audience. Preface, Introduction, Computers and Intellectual Property, Overview of Intellectual Property rights, Copyright Basics, Computer Software and Copyright, Copyright and Databases, Computer-Generated Works, Copyright and Electronic Publishing, The Law of Confidence, Patent Law, Trade Marks and Passing Off, Designs, Semiconductor Products, International Implications and Summary, Computer Contracts, Contracts for Writing Software, Hardware Contracts, Electronic Contracting, Summary and Checklist, Computers and Crime, Computer Fraud, Piracy Offences, Data Protection, The Data Protection Directive, Selected Bibliography, Index.
700 1 _aBainbridge I. David
_939
942 _cBK
999 _c28
_d28